Statistics for Coolest City Nicknames

Click here to take the quiz!

General Stats

  • This quiz has been taken 53 times
  • The average score is 10 of 15

Answer Stats

NicknameCountryCity% Correct
City of AngelsUnited StatesLos Angeles
96%
The Eternal CityItalyRome
96%
The Forbidden CityChinaBeijing
86%
Sin CityUnited StatesLas Vegas
84%
The City of the Violet CrownGreeceAthens
82%
City of the KingsPeruLima
82%
Bridge of the SeaItalyVenice
80%
The Tavern of the SeasSouth AfricaCape Town
78%
Golden TriangleMalaysiaKuala Lumpur
75%
The Mind of RussiaRussiaSt Petersburg
75%
The Big EasyUnited StatesNew Orleans
71%
The Pool of LifeUnited KingdomLiverpool
69%
Heaven of the AgedIndiaKolkata
51%
The End of the WorldArgentinaUshuaia
22%
The Painted CityItalyTreviso
0%

Score Distribution

Percentile by Number Answered

Percent of People with Each Score

Your Score History

You have not taken this quiz